LEADER 01337nam a2200301 a 4500 001 000000080442 003 CaOOAMICUS 005 20130614103250.0 008 041109s2004 it a u000 u ita r 020 $a8888046046 035 $a11014474 040 $aPUL$bita 082 04$a770 245 00$aAngeli nel deserto /$cfotografie di Alessandro Iasevoli ;testi di Alberto Montagne Vidal e Sebastiano Porretta. 260 $aRoma :$bFPM.COM,$cc2004. 300 $a63 p. :$bill. ;$c15 cm 500 $a"Catalogo della mostra di Alessandro Iasevoli, Roma, Pontificia Università Lateranense 22 giugno - 9 luglio 2004". 651 4$aPerù$xCondizioni sociali.$0(OLS)http://pul/subject/27898 700 1 $aIasevoli, Alessandro.$0(OLS)http://pul/name/53618 700 1 $aPorretta, Sebastiano.$0(OLS)http://pul/name/53620 700 1 $aMontagne Vidal, Alberto.$0(OLS)http://pul/name/53619 850 $aPUL 852 $aPUL$W1$xDP2 Cons. Gen., Altre Classi 3$y97$m770 IASAL 1$j154540$nBK-PRI$qDDC 21$B102728$CPULBib$Z2$F102728 $H96227 $82 941 1 $a8 996 $6020$a8888046046$9(OLS)http://pul/number/106393 996 $6082$a770$9(OLS)http://pul/classification/2244 996 $6245$aAngeli nel deserto$9(OLS)http://pul/title/105351 996 $6260$aRoma :$bFPM.COM$9(OLS)http://pul/publisher/75829 LEADER 01160nam a2200301 u 4500 001 000000071807 003 CaOOAMICUS 005 20070226122154.0 008 020605s1975 gw u000 u ger u 020 $a3491775639 035 $a10932141 040 $aPUL(R)$bita 041 1 $aita$hger 100 1 $aVögtle, Anton,$d1910-$0(OLS)http://pul/name/19374 245 10$aWie kam es zum Osterglauben? /$cAnton Vögtle/Rudolf Pesch. 260 $aDüseldorf :$bPatmos Verlag,$cc1975. 300 $a184 p. ;$c21 cm 490 1 $aPatmos Paperback 504 $aBibliografia in nota. 650 4$aPasqua.$0(OLS)http://pul/subject/2462 700 1 $aPesch, Rudolf,$d1936-2011.$0(OLS)http://pul/name/12030 830 0$aPatmos Paperback.$0(OLS)http://pul/title/59866 850 $aPUL 852 $aPUL$W1$xDP1 Religione 1$y20$m555 I 52$j92887$nBK-PRI$b $qStampati$B92887$CPULBib$Z2$F92887 $H $81 941 1 $a8 996 $6020$a3491775639$9(OLS)http://pul/number/92722 996 $6245$aWie kam es zum Osterglauben?$9(OLS)http://pul/title/94506 996 $6260$aDüseldorf :$bPatmos Verlag$9(OLS)http://pul/publisher/73710